world rugby player of the year- for each year - Statistics

General Stats
  • This quiz has been taken 4 times
  • The average score is 16 of 21
Answer Stats
Year Player of the Year % Correct
2021 Antoine Dupont
100%
2016 Beauden Barrett
100%
2017 Beauden Barrett
100%
2005 Dan Carter
100%
2012 Dan Carter
100%
2015 Dan Carter
100%
2006 Richie McCaw
100%
2009 Richie McCaw
100%
2010 Richie McCaw
100%
2008 Shane Williamms
100%
2007 Bryan Habana
75%
2018 Johny Sexton
75%
2014 Brodie Retallick
50%
2002 Fabien Galthie
50%
2022 Josh Van Der Flier
50%
2001 Keith Wood
50%
2013 Kieran Read
50%
2019 Pieter-Steph Du Toit
50%
2004 Schalk Burger
50%
2011 Thierry Dusautoir
50%
2003 Jonny Winkilson
0%
No matching quizzes found
Score Distribution
Percent of People with Each Score
Percentile by Number Answered
Your Score History
You have not taken this quiz